00709 a2200205 4500020001500000020001800015082001200033090001300045100002300058245009600081250001200177260004100189300002100230490004800251700002100299830004800320942002500368999001700393952009300410 a047176986X a978047176986604a519.233 c788d7881 aEthier, Stewart N.10aMarkov processes :bcharacterization and convergence /cStewart N. Ethier, Thomas G. Kurtz. a2nd ed. a[S.l.] :bWiley-Interscience,c2005. a552 p. ;c23 cm.1 aWiley series in probability and statistics.1 aKurtz, Thomas G. 0aWiley series in probability and statistics. aSNScBKk519.233 ETH c29414d29414 00104070aSNSbSNSd2016-05-26l0o519.233 ETHpSNS0000956r2016-05-26w2016-05-26yBK